000 00485nam a2200193Ia 4500
003 GCL
008 140319s9999 xx 000 0 eng d
040 _aGCL /
_cGCL
082 0 4 _a750.92
_bL P
100 1 _aLEVAY, MERVGN
245 1 0 _aTHE PAINTINGS OF L.S.LOWRY AND WATERCOLOURS /
_cLEVAY, MERVGN
260 _a[S.N] :
_bJUPITER BOOKS ،
_c1981
300 _a130
650 0 4 _aDRAWING
650 0 4 _aPAINTING
650 0 4 _aCOLOURS
650 0 4 _aWATER COLOURS
942 _2ddc
_cBK
999 _c17709
_d17709